| 000 | 00451nam a2200169 a 4500 | ||
|---|---|---|---|
| 005 | 20240612064140.0 | ||
| 008 | 991125s1899 mx 000 0 spa u | ||
| 035 | _aUPN01000018985 | ||
| 049 | _aCE | ||
| 050 | 4 | _aBJ66 Z3.3 | |
| 100 | 1 | _aZamacois, Miguel de | |
| 245 | 1 | 0 |
_aElementos de moral / _cMiguel de Zamacois |
| 260 |
_aMéxico : _bGallegos, Hnos., _c1899 |
||
| 300 | _a63 p | ||
| 650 | 4 |
_aÉtica _xEstudio y enseñanza _912687 |
|
| 905 | _aLibro | ||
| 999 |
_c18985 _d18985 |
||